000 00207nam a22000857a 4500
008 170616b xxu||||| |||| 00| 0 eng d
100 _93440
_aKundu. A
245 _aAnimal World
260 _aNew Delhi
_bN. B. T
_c2009
999 _c6815
_d6815